书目信息 |
| 题名: |
图书馆员怎样走出国门
|
|
| 作者: | 丘东江 主编 | |
| 分册: | ||
| 出版信息: | 北京 海洋出版社 2007.06 |
|
| 页数: | 226页 | |
| 开本: | 21cm | |
| 丛书名: | 二十一世纪图书馆学丛书 | |
| 单 册: | ||
| 中图分类: | G251.5 | |
| 科图分类: | ||
| 主题词: | 图书馆业务辅导--tu shu guan ye wu fu dao | |
| 电子资源: | ||
| ISBN: | 978-7-5027-6794-5 | |
| 000 | 01062nam 2200265 450 | |
| 001 | 012007446391 | |
| 005 | 20071106102648.65 | |
| 010 | @a978-7-5027-6794-5@dCNY25.00 | |
| 100 | @a20070924d2007 km y0chiy0120 ea | |
| 101 | 0 | @achi |
| 102 | @aCN@b110000 | |
| 105 | @ay a 000yy | |
| 106 | @ar | |
| 200 | 1 | @a图书馆员怎样走出国门@Atu shu guan yuan zen yang zou chu guo men@f丘东江主编@Fqiu dong jiang zhu bian |
| 210 | @a北京@c海洋出版社@d2007.06 | |
| 215 | @a226页@d21cm | |
| 225 | 2 | @a二十一世纪图书馆学丛书@Aer shi yi shi ji tu shu guan xue cong shu |
| 320 | @a有书目 (第225-226页)。 | |
| 330 | @a本书较为详细地介绍了国际学术会议的一般流程,以及会议各个环节的主要内容和特点,重点叙述了学术会议论文、英语学术期刊论文的写作方法和演讲技巧以及投稿的注意事项等。同时,还介绍了世界主要国家图书馆学情报学研究生院的概况。 | |
| 410 | 0 | @12001 @a二十一世纪图书馆学丛书 |
| 606 | 0 | @a图书馆业务辅导@Atu shu guan ye wu fu dao |
| 690 | @aG251.5@v4 | |
| 701 | 0 | @a丘东江@Aqiu dong jiang@4主编 |
| 801 | 0 | @aCN@b@c20071106 |
| 905 | @b263159-60@dG251.5@eQ700@f2 | |
| 图书馆员怎样走出国门/丘东江主编.-北京:海洋出版社,2007.06 |
| 226页;21cm.-(二十一世纪图书馆学丛书) |
| ISBN 978-7-5027-6794-5:CNY25.00 |
| 本书较为详细地介绍了国际学术会议的一般流程,以及会议各个环节的主要内容和特点,重点叙述了学术会议论文、英语学术期刊论文的写作方法和演讲技巧以及投稿的注意事项等。同时,还介绍了世界主要国家图书馆学情报学研究生院的概况。 |
| ● |
| 相关链接 |
|
|
|
正题名:图书馆员怎样走出国门
索取号:G251.5/Q700
 
预约/预借
| 序号 | 登录号 | 条形码 | 馆藏地/架位号 | 状态 | 备注 |
| 1 | 263159 | 202631599 | 社科库409/409社科库 59排2列2层/ [索取号:G251.5/Q700] | 在馆 | |
| 2 | 263160 | 202631606 | 社科库409/409社科库 59排2列2层/ [索取号:G251.5/Q700] | 在馆 |